Preghiamo due volte | Preghiamo due volte (Record no. 5170)

MARC details
000 -LEADER
fixed length control field 00488nam a2200181Ia 4500
003 - CONTROL NUMBER IDENTIFIER
control field IT-RoPAU
005 - DATE AND TIME OF LATEST TRANSACTION
control field 20220918175335.0
008 - FIXED-LENGTH DATA ELEMENTS--GENERAL INFORMATION
fixed length control field 120407s9999 xx 000 0 und d
040 ## - CATALOGING SOURCE
Original cataloging agency IT-RoPAU
Transcribing agency 20130610102033.0
040 ## - CATALOGING SOURCE
Transcribing agency IT-RoPAU
245 ## - TITLE STATEMENT
Title Preghiamo due volte
245 ## - TITLE STATEMENT
Title Preghiamo due volte
260 ## - PUBLICATION, DISTRIBUTION, ETC. (IMPRINT)
Place of publication, distribution, etc. Milano
Name of publisher, distributor, etc. Ed. Eco
Date of publication, distribution, etc. 1968
300 ## - PHYSICAL DESCRIPTION
Dimensions 18 cm
Extent 285 pp.
490 ## - SERIES STATEMENT
Series statement EP
520 ## - SUMMARY, ETC.
Summary, etc. Indice<br/>Canti per la S. Messa<br/>Indice delle varie parti<br/>Appendice
942 ## - ADDED ENTRY ELEMENTS (KOHA)
Koha item type LIBRO
Source of classification or shelving scheme Dewey Decimal Classification
Holdings
Withdrawn status Lost status Source of classification or shelving scheme Damaged status Not for loan Home library Current library Date acquired Total Checkouts Full call number Date last seen Price effective from Koha item type
    Dewey Decimal Classification Buone Condizioni Not For Loan PAULUS-BIBLIOTECA PAULUS-BIBLIOTECA 10/06/2013   P D1 10/06/2013 10/06/2013 LIBRO
    Dewey Decimal Classification Buone Condizioni Not For Loan PAULUS-BIBLIOTECA PAULUS-BIBLIOTECA 10/06/2013   P D1 10/06/2013 10/06/2013 LIBRO
CREDITS: SOCIETA' SAN PAOLO Via A.Severo, 58 - ROMA (RM) & PERIODICI SAN PAOLO SRL Via Giotto, 36 MILANO & CISF Via Giotto, 36 MILANO & EDIZIONI SAN PAOLO SRL,  Piazza Soncino, 5 CINISELLO BALSAMO (MI) -- ITALY